000 00713nam a2200217 4500
001 144257
003 ES-MaACL
005 20230906200957.0
007 t|
008 070214s1934 fr r ||||1| fre d
100 1 _aSinger, Charles.
_9106622
245 1 0 _aHistoire de la Biologie /
_cCharles Singer ; édition française par F. Gidon ; préface du Laignel-Lavastine.
260 _aParis :
_bPayot,
_c1934 (
_eLille :
_fTaffin-Lafort)
300 _a613 p. :
_bil. ;
_c23 cm.
490 1 _aBibliothèque scientifique
700 1 _aGidon, F.
_956679
700 1 _aLaignel-Lavastine, Maxime.
_969676
830 0 _aBibliothèque scientifique
_9181657
852 _aES-MaACL
_jE-1127
999 _c144257
_d144257